Kulturní diplomacie a mezinárodní vztahy
Zložky zahraničnej kultúrnej politiky. Zahraničná kultúrna politika ako nástroj vplyvu na medzinárodnej scéne. Verejná diplomacia. Kultúrna diplomacia ako súčasť verejnej diplomacie chápaná ako nástroj mäkkej sily. Nation branding. Modely zahraničnej kultúrnej politiky. Nové trendy a zmeny v kultúrn...
Salvato in:
| Autore principale: | |
|---|---|
| Natura: | Capitolo di libro |
| Lingua: | ceco |
| Soggetti: | |
| Tags: |
Nessun Tag, puoi essere il primo ad aggiungerne!!
|
MARC
| LEADER | 00000naa$a2200000$$$4500 | ||
|---|---|---|---|
| 001 | 0063049 | ||
| 005 | 20231016092850.4 | ||
| 041 | 0 | |a cze | |
| 044 | |a CZ | ||
| 245 | 1 | 0 | |a Kulturní diplomacie a mezinárodní vztahy |c Eliška Tomalová |
| 520 | |a Zložky zahraničnej kultúrnej politiky. Zahraničná kultúrna politika ako nástroj vplyvu na medzinárodnej scéne. Verejná diplomacia. Kultúrna diplomacia ako súčasť verejnej diplomacie chápaná ako nástroj mäkkej sily. Nation branding. Modely zahraničnej kultúrnej politiky. Nové trendy a zmeny v kultúrnej diplomacii. | ||
| 610 | 2 | 0 | |a vzťahy medzinárodné |
| 610 | 2 | 0 | |a politika zahraničná |
| 610 | 2 | 0 | |a diplomacia |
| 610 | 2 | 0 | |a kultúra |
| 610 | 2 | 0 | |a spolupráca medzinárodná |
| 610 | 2 | 0 | |a štát |
| 610 | 2 | 0 | |a národ |
| 100 | 1 | |a Tomalová, Eliška | |